000 00447cam a2200181ua 4500
001 1969
008 110811n ii |||gr||||Z||||||eng
040 _cMAIN
082 _a153.15
100 _aLaw, N. N.,
245 1 _aPromotion of learning in india
_cby N. N. Law
250 _a1st.
260 _aNew Delhi:
_bCosmo publication,992.
300 _a259p:
_c23cm.
653 _aEducation
653 _aPromotion of learning in india
942 _cBK
999 _c1843
_d1843